| 000 | 00794nam a2200205 a 4500 | ||
|---|---|---|---|
| 001 | 000023347 | ||
| 005 | 20250314135209.0 | ||
| 008 | 101202s1967 es 000 0 spa d | ||
| 040 |
_aDO-SdBNP _bspa _cBNPHU |
||
| 082 |
_a320.1 _bS619p |
||
| 100 | 1 |
_aSiri, Carlos Alberto. _948092 |
|
| 245 | 1 | 3 |
_aLa preeminencia de la civitas y la insuficiencia de la polis : _buna síntesis ontológica / _cCarlos Alberto Siri ; prólogo Reynaldo Galindo Pohl. |
| 260 |
_aEl Salvador : _bMinisterio de Educación. Dirección General de Publicacioes, _c1967. |
||
| 300 |
_a212 p. ; _c21 cm. |
||
| 504 | _aIncluye referncias bibliográficas y notas al pie de las páginas. | ||
| 650 | 0 |
_aEstado _9726 |
|
| 650 | 0 |
_aCiencia política _95772 |
|
| 700 | 1 |
_aGalindo Pohl, Reynaldo, _epról. _948093 |
|
| 049 | _aBNGR | ||
| 999 |
_c22844 _d22844 |
||